Sacrae rotae romanae decisiones et summorum pontificum constitutiones recentissimae theatrum veritaris & justitiae cardinalis de luca ejusque tractus de officiis venal et statut successionibus amplectentes confirmantes & laudantes. (Record no. 8284)

MARC details
000 -CABECERA
campo de control de longitud fija 01318nam a2200313 a 4500
001 - NÚMERO DE CONTROL
campo de control BRCA_8624
005 - FECHA Y HORA DE LA ÚLTIMA TRANSACCIÓN
campo de control 20190320210340.0
008 - DATOS DE LONGITUD FIJA--INFORMACIÓN GENERAL
campo de control de longitud fija 210916s1734----it-#######---#000-0#lat-#
041 ## - CÓDIGO DE LENGUA
Código de lengua del texto/banda sonora o título independiente lat
044 ## - CÓDIGO DEL PAÍS DE LA ENTIDAD EDITORA/PRODUCTORA
Código MARC del país it
050 #4 - SIGNATURA TOPOGRÁFICA DE LA BIBLIOTECA DEL CONGRESO
Número de clasificación KB230.A3
Número de documento/Ítem .S23
-- 1734
245 10 - MENCIÓN DE TÍTULO
Título Sacrae rotae romanae decisiones et summorum pontificum constitutiones recentissimae theatrum veritaris & justitiae cardinalis de luca ejusque tractus de officiis venal et statut successionibus amplectentes confirmantes & laudantes.
260 ## - PUBLICACIÓN, DISTRIBUCIÓN, ETC.
Lugar de publicación, distribución, etc. Venetiis
Nombre del editor, distribuidor, etc. Ex typographia balleoniana
Fecha de publicación, distribución, etc. 1734
300 ## - DESCRIPCIÓN FÍSICA
Extensión Vol. 2, 536 p.
Dimensiones 39 cm
500 ## - NOTA GENERAL
Nota general Fondo antiguo
500 ## - NOTA GENERAL
Nota general Se encuentra en Caja Fuerte
500 ## - NOTA GENERAL
Nota general U-118b
500 ## - NOTA GENERAL
Nota general Vol. 1 se encuentra en Sala S. XIX
500 ## - NOTA GENERAL
Nota general Grabado en portada
500 ## - NOTA GENERAL
Nota general Texto impreso a dos columnas
500 ## - NOTA GENERAL
Nota general En portada: superiorum permissu, ac privilegiis
500 ## - NOTA GENERAL
Nota general Incluye índice
500 ## - NOTA GENERAL
Nota general Nota de encuadernación: piel sobre cartón, desgastada de lomo y tapas
505 0# - NOTA DE CONTENIDO CON FORMATO
Nota de contenido con formato Contiene: argumentis, summaris et indicibus necessariis exornatae, ac juxta titulorum seriem & discursum ordinem dispositae
506 0# - NOTA DE RESTRICCIONES AL ACCESO
Limitaciones de acceso Fondo reservado: para su consulta es necesario credencial de usuario y carta de motivos
650 14 - PUNTO DE ACCESO ADICIONAL DE MATERIA--TÉRMINO DE MATERIA
Término de materia o nombre geográfico como elemento de entrada Derecho canónico
9 (RLIN) 21260
902 ## - CATALOGADOR
Iniciales LAR
942 ## - ELEMENTOS DE PUNTO DE ACCESO ADICIONAL (KOHA)
Fuente del sistema de clasificación o colocación Library of Congress Classification
Tipo de ítem Koha Libros
Holdings
Estado de retiro Estado de pérdida Estado dañado No para préstamo Localización permanente Ubicación/localización actual Fecha de adquisición Número de inventario Total de préstamos Signatura topográfica completa Código de barras Fecha visto por última vez Precio válido a partir de Tipo de ítem Koha
El ejemplar forma parte de la colección y puede ser consultado según las políticas vigentes.       Biblioteca del Museo Franz Mayer (Rogerio Casas-Alatriste) Biblioteca del Museo Franz Mayer (Rogerio Casas-Alatriste) 21/09/2016 U-118b   KB230.A3 .S23 1734 (U-118b) LAR00127 22/03/2019 22/03/2019 Libros